The dissenting academy
Enregistré dans:
| Auteur principal: | |
|---|---|
| Format: | Livre |
| Langue: | Undetermined |
| Publié: |
New York
Pantheon Books
1968
|
| Sujets: | |
| Tags: |
Ajouter un tag
Pas de tags, Soyez le premier à ajouter un tag!
|
| Thư viện lưu trữ: | Trung tâm Học liệu Trường Đại học Cần Thơ |
|---|
| LEADER | 00520nam a2200193Ia 4500 | ||
|---|---|---|---|
| 001 | CTU_90230 | ||
| 008 | 210402s9999 xx 000 0 und d | ||
| 082 | |a 378.008 | ||
| 082 | |b R841 | ||
| 100 | |a Roszak, Theodore | ||
| 245 | 4 | |a The dissenting academy | |
| 245 | 0 | |c Theodore Roszak | |
| 260 | |a New York | ||
| 260 | |b Pantheon Books | ||
| 260 | |c 1968 | ||
| 650 | |a Education, humanistic | ||
| 650 | |x Addresses, essays, lectures | ||
| 904 | |i Năm,Hải | ||
| 980 | |a Trung tâm Học liệu Trường Đại học Cần Thơ | ||